| 000 | 00840nam a22002777a 4500 | ||
|---|---|---|---|
| 001 | 000481 | ||
| 003 | DO-SdBNP | ||
| 005 | 20240319130458.0 | ||
| 007 | 000481 | ||
| 008 | 160906b 2007 sp 00| 0 spa d | ||
| 020 | _a9788497592642 | ||
| 040 |
_aBPMSU _bspa _cBPMSU |
||
| 082 | 4 |
_a863.6 _bP438p 2007 _222 |
|
| 100 | 1 |
_aPérez-Reverte, Arturo, _d1951- _953 |
|
| 245 | 1 | 3 |
_aLa piel del tambor / _cArturo Pérez-Reverte. |
| 250 | _a5ª ed. | ||
| 260 |
_aBarcelona : _bRandom House Mondadori, _c2007 |
||
| 300 |
_a525 p. ; _b19 cm. |
||
| 490 | 0 |
_aBiblioteca Arturo Pérez-Reverte; _aBestseller, _v406/2 |
|
| 500 | _aIncluye datos biográficos del autor en la : p. 4 | ||
| 590 | _aInventariado, 2024/VM | ||
| 650 | 4 | _aNovela española | |
| 650 | 4 | _aLiteratura española | |
| 910 | _aVMateo V. Control de calidad BPMSU | ||
| 942 |
_2ddc _cBK |
||
| 999 |
_c11347 _d11347 |
||